| Tag |
First Indicator |
Second Indicator |
Subfields |
| LEADER |
00000cam a2200000 4500 |
| 001 |
in00000077361 |
| 005 |
20151008052729.0 |
| 008 |
740820s1930 nyu 00000 eng u |
| 010 |
|
|
|a 30031867
|
| 035 |
|
|
|a (OCoLC)00982354
|
| 035 |
|
|
|9 AAH4655AM
|
| 040 |
|
|
|c CWR
|d TXA
|d UtOrBLW
|
| 049 |
|
|
|a TXAM
|c [48697]
|
| 050 |
|
0 |
|a HV4196.C4
|b H72
|
| 092 |
|
|
|a 331.852
|b A222s
|
| 100 |
1 |
|
|a Addams, Jane,
|d 1860-1935.
|
| 245 |
1 |
4 |
|a The second twenty years at Hull-House :
|b September 1909 to September 1929, with a record of a growing world consciousness /
|c by Jane Addams.
|
| 264 |
|
1 |
|a New York :
|b Macmillan,
|c 1930.
|
| 300 |
|
|
|a xiii, 413 pages :
|b illustrations ;
|c 23 cm.
|
| 336 |
|
|
|a text
|b txt
|2 rdacontent
|
| 337 |
|
|
|a unmediated
|b n
|2 rdamedia
|
| 338 |
|
|
|a volume
|b nc
|2 rdacarrier
|
| 610 |
2 |
0 |
|a Hull-House (Chicago, Ill.)
|
| 650 |
|
0 |
|a Social history.
|
| 650 |
|
0 |
|a Peace.
|
| 999 |
|
|
|a MARS
|
| 999 |
f |
f |
|s dbe3cf69-88ea-3e35-a65d-adca92def93c
|i 9c4f3307-7e9a-344f-af17-c620df388ad1
|t 0
|
| 952 |
f |
f |
|p ric
|a Texas A&M University
|b Rellis Campus
|c Joint Library Facility
|d Remote Storage
|t 0
|e HV4196.C4 H72
|h Library of Congress classification
|i unmediated -- volume
|m A14800722675
|
| 998 |
f |
f |
|a HV4196.C4 H72
|t 0
|l Remote Storage
|